000 00562nam a2200205Ia 4500
003 LK-CoDNM
005 20241001124711.0
008 010623t xxu||||| |||| 00| 1 eng d
040 _aLK-CoDNM
_dLK-CoDNM
_eLK-CoDNM
041 _aeng
080 _a24
_bU23
100 _aGray,A.
245 _aRoyal Asiatic Society of GreatBritain and Ireland : The Maldive Islands
260 _b?
300 _b35p. : 21 cm
650 _a24U23
650 _aGray,A.
650 _aRoyal Asiatic Society of GreatBritain and Ireland : The Maldive Islands
942 _cBK
999 _c135509
_d135509